| 000 | 01043nam a22002777a 4500 | ||
|---|---|---|---|
| 001 | 9394 | ||
| 003 | FISKH | ||
| 005 | 20251218152423.0 | ||
| 008 | 251218b cb ||||| |||| 00| 0 eng d | ||
| 020 | _a9780545512862 | ||
| 040 |
_aFISKH _beng _cFISKH _dFISKH |
||
| 050 | _aPZ7.C138 M | ||
| 082 | _a513.2 | ||
| 100 |
_aCalvert, Pam _eAuthor |
||
| 245 |
_aMultiplying menace : _bThe revenge of Rumpelstiltskin / _cA math adventure by Pam Calvert ; illustrated by Wayne Geehan |
||
| 260 |
_aNew York : _bScholastic Inc. , _c2006 |
||
| 300 |
_a32 pages : _bcolor illustrations ; _c24 cm |
||
| 505 | _aP | ||
| 520 | _aRumpelstiltskin is back! This time he's making mischief with his multiplying stick. Can Peter unlock the secret of the stick in time to save the kingdom? Whimsical illustrations bring fun to multiplying whole numbers and fractions. | ||
| 521 | 8 |
_a650
_bLexile |
|
| 521 | 8 |
_aP
_bRaz-Plus |
|
| 650 |
_aA math adventure _vMultiplying |
||
| 700 |
_aGeehan, Wayne _eIllustrator |
||
| 942 |
_2ddc _cBK _n0 |
||
| 999 |
_c9394 _d9394 |
||